书目信息 |
| 题名: |
担保合同诉讼实务
|
|
| 作者: | 赵建平 , 顾建新 , 田先纲 编著 | |
| 分册: | ||
| 出版信息: | 广州 广东经济出版社 2002.05 |
|
| 页数: | 320页 | |
| 开本: | 21cm | |
| 丛书名: | 民事诉讼实务丛书 | |
| 单 册: | ||
| 中图分类: | D925.104 | |
| 科图分类: | ||
| 主题词: | 担保--dan bao--合同--民事诉讼--基本知识--中国 | |
| 电子资源: | ||
| ISBN: | 7-80677-160-3 | |
| 000 | 01034nam 2200277 450 | |
| 001 | 012008265172 | |
| 005 | 20080421103905.14 | |
| 010 | @a7-80677-160-3@dCNY20.00 | |
| 100 | @a20080421d2002 km y0chiy0120 ea | |
| 101 | 0 | @achi |
| 102 | @aCN@b440000 | |
| 105 | @ay z 000yy | |
| 106 | @ar | |
| 200 | 1 | @a担保合同诉讼实务@Adan bao he tong su song shi wu@f田先纲, 赵建平, 顾建新编著@Ftian xian gang,zhao jian ping,gu jian xin bian zhu |
| 210 | @a广州@c广东经济出版社@d2002.05 | |
| 215 | @a320页@d21cm | |
| 225 | 2 | @a民事诉讼实务丛书@Amin shi su song shi wu cong shu |
| 330 | @a本书将担保法律规定、司法解释与司法实践、事例案例相结合、担保法实体规范与程序规范相结合,对担保纠纷诉讼作了全面地介绍。 | |
| 410 | 0 | @12001 @a民事诉讼实务丛书 |
| 606 | 0 | @a担保@Adan bao@x合同@x民事诉讼@x基本知识@y中国 |
| 690 | @aD925.104@v4 | |
| 701 | 0 | @a赵建平@Azhao jian ping@4编著 |
| 701 | 0 | @a顾建新@Agu jian xin@4编著 |
| 701 | 0 | @a田先纲@Atian xian gang@4编著 |
| 801 | 0 | @aCN@bQSSK@c20080421 |
| 905 | @b20700199-201@dD925.104@eZ304@f3 | |
| 担保合同诉讼实务/田先纲, 赵建平, 顾建新编著.-广州:广东经济出版社,2002.05 |
| 320页;21cm.-(民事诉讼实务丛书) |
| ISBN 7-80677-160-3:CNY20.00 |
| 本书将担保法律规定、司法解释与司法实践、事例案例相结合、担保法实体规范与程序规范相结合,对担保纠纷诉讼作了全面地介绍。 |
| ● |
| 相关链接 |
|
|
|
正题名:担保合同诉讼实务
索取号:D925.104/Z304
 
预约/预借
| 序号 | 登录号 | 条形码 | 馆藏地/架位号 | 状态 | 备注 |
| 1 | 700199 | 207001992 | 社科库509/509社科库 100排2列5层/ [索取号:D925.104/Z304] | 在馆 | |
| 2 | 700200 | 207002009 | 社科库509/509社科库 100排2列5层/ [索取号:D925.104/Z304] | 在馆 | |
| 3 | 700201 | 207002018 | 社科库509/509社科库 100排2列5层/ [索取号:D925.104/Z304] | 在馆 |